Image Analysis for Moving Organ, Breast, and Thoracic Images (Record no. 1633623)

MARC details
000 -LEADER
fixed length control field 01023nam a2200265Ia 4500
005 - DATE AND TIME OF LATEST TRANSACTION
control field 20260121170750.0
008 - FIXED-LENGTH DATA ELEMENTS--GENERAL INFORMATION
fixed length control field 008 260114s9999 xx 000 0 eng d
020 ## - INTERNATIONAL STANDARD BOOK NUMBER
International Standard Book Number 9783030009465
037 ## - SOURCE OF ACQUISITION
Stock number EBOOK
040 ## - CATALOGING SOURCE
Original cataloging agency CRL
040 ## - CATALOGING SOURCE
Language of cataloging eng
040 ## - CATALOGING SOURCE
Transcribing agency CRL
041 ## - LANGUAGE CODE
Source of code eng
041 ## - LANGUAGE CODE
Language code of text/sound track or separate title eng
084 ## - COLON CLASSIFICATION NUMBER
Assigning agency CRL
100 ## - MAIN ENTRY--PERSONAL NAME
Personal name Danail Stoyanov, Zeike Taylor, Bernhard Kainz, Gabriel Maicas, Reinhard R. Beichel, Anne Martel, Lena Maier-Hein, Kanwal Bhatia, Tom Vercauteren, Ozan Oktay, Gustavo Carneiro, Andrew P. Bradley, Jacinto Nascimento, Hang Min, Matthew S. Brown, Colin Jacobs, Bianca Lassen-Schmidt, Kensaku Mori, Jens Petersen, Raúl San José Estépar, Alexander Schmidt-Richberg, Catarina Veiga
9 (RLIN) 1067893
245 #0 - TITLE STATEMENT
Title Image Analysis for Moving Organ, Breast, and Thoracic Images
260 ## - PUBLICATION, DISTRIBUTION, ETC.
Name of publisher, distributor, etc. Springer
260 ## - PUBLICATION, DISTRIBUTION, ETC.
Name of publisher, distributor, etc. Springer
260 ## - PUBLICATION, DISTRIBUTION, ETC.
Date of publication, distribution, etc. 2018
856 ## - ELECTRONIC LOCATION AND ACCESS
Uniform Resource Identifier <a href="https://link.springer.com/openurl?genre=book&isbn=978-3-030-00946-5">https://link.springer.com/openurl?genre=book&isbn=978-3-030-00946-5</a>
942 ## - ADDED ENTRY ELEMENTS (KOHA)
Koha item type eBooks
Holdings
Withdrawn status Lost status Damaged status Not for loan Home library Current library Date acquired Total Checkouts Barcode Date last seen Price effective from Koha item type
        Central Library Central Library 2026-01-21   CL1744701 2026-01-21 2026-01-21 eBooks
Copyright @ Delhi University Library System